El mundo de Donald Cordry (Record no. 10365)

MARC details
000 -CABECERA
campo de control de longitud fija 00951nam a2200229 a 4500
001 - NÚMERO DE CONTROL
campo de control BRL_1556
005 - FECHA Y HORA DE LA ÚLTIMA TRANSACCIÓN
campo de control 20190320211248.0
008 - DATOS DE LONGITUD FIJA--INFORMACIÓN GENERAL
campo de control de longitud fija 151116s1983----mx-a######---#000-0#spa-#
020 ## - NÚMERO INTERNACIONAL ESTÁNDAR DEL LIBRO
Número Internacional Estándar del Libro 9688370800
041 ## - CÓDIGO DE LENGUA
Código de lengua del texto/banda sonora o título independiente spa
044 ## - CÓDIGO DEL PAÍS DE LA ENTIDAD EDITORA/PRODUCTORA
Código MARC del país mx
050 #4 - SIGNATURA TOPOGRÁFICA DE LA BIBLIOTECA DEL CONGRESO
Número de clasificación F1220.C6
Número de documento/Ítem .M96 1983
245 10 - MENCIÓN DE TÍTULO
Título El mundo de Donald Cordry
Mención de responsabilidad, etc. [textos, Luisa F. Rico Mansard, Rosa Ma. Sánchez Lara].
260 ## - PUBLICACIÓN, DISTRIBUCIÓN, ETC.
Lugar de publicación, distribución, etc. [Ciudad de México]
Nombre del editor, distribuidor, etc. Museo Universitario de Ciencias y Arte, Centro de Investigación y Servicios Museológicos, Coordinación de Extensión Universitaria, UNAM
Fecha de publicación, distribución, etc. [1983]
300 ## - DESCRIPCIÓN FÍSICA
Extensión 59 p.
Otras características físicas il. (algunas a color), retratos
Dimensiones 25 cm.
500 ## - NOTA GENERAL
Nota general Incluye notas biográficas de Donald Cordry
600 14 - PUNTO DE ACCESO ADICIONAL DE MATERIA--NOMBRE DE PERSONA
Nombre de persona Cordry, Donald Bush
Fechas asociadas al nombre 1907-1978
Subdivisión de forma Exposiciones
9 (RLIN) 27266
650 14 - PUNTO DE ACCESO ADICIONAL DE MATERIA--TÉRMINO DE MATERIA
Término de materia o nombre geográfico como elemento de entrada Arte indígena
Subdivisión de forma Exposiciones
Subdivisión geográfica México
9 (RLIN) 2095
700 1# - PUNTO DE ACCESO ADICIONAL--NOMBRE DE PERSONA
Nombre de persona Rico Mansard, Luisa F.
Forma completa/desarrollada del nombre Luisa Fernanda Francisca
9 (RLIN) 27267
700 1# - PUNTO DE ACCESO ADICIONAL--NOMBRE DE PERSONA
Nombre de persona Sánchez Lara, Rosa Ma.
Forma completa/desarrollada del nombre Rosa María
9 (RLIN) 27268
942 ## - ELEMENTOS DE PUNTO DE ACCESO ADICIONAL (KOHA)
Fuente del sistema de clasificación o colocación Library of Congress Classification
Tipo de ítem Koha Libros
Holdings
Estado de retiro Estado de pérdida Estado dañado No para préstamo Localización permanente Ubicación/localización actual Fecha de adquisición Total de préstamos Signatura topográfica completa Código de barras Fecha visto por última vez Precio válido a partir de Tipo de ítem Koha
El ejemplar forma parte de la colección y puede ser consultado según las políticas vigentes.       Biblioteca Centro de Estudios Ruth D. Lechuga Biblioteca Centro de Estudios Ruth D. Lechuga 05/03/2014   F1220.C6 .M96 1983 00033 22/03/2019 22/03/2019 Libros